| 000 | 00481nam a2200181 a 4500 | ||
|---|---|---|---|
| 001 | 13527 | ||
| 003 | CO-ViMGA | ||
| 008 | 141112s2004 ck r 000 u spa d | ||
| 020 | _a8420482447 | ||
| 040 |
_aCO-ViMGA _bspa _cCO-ViMGA |
||
| 082 | 0 | 4 | _a808.83 M657a |
| 100 | 1 |
_aMonterroso, Augusto; Jacobs, Barbara _919714 |
|
| 245 | 1 | 0 | _aAntologia del cuento triste |
| 260 |
_aMadrid : _bAlfaguara, _c1990 |
||
| 300 | _a544 | ||
| 650 | 1 | 4 |
_aCUENTOS - COLECCIONES _919715 |
| 942 |
_2ddc _cBK |
||
| 999 |
_c24253 _d24253 |
||